000 00895nam a22002777a 4500
003 CHAP
005 20220329133311.0
008 971013s r 00010 d
010 _a4569
011 _a5541
035 _a4755
040 _cCHAP
090 _aR-3284
100 0 0 _aIslam, Nurul.
_960579
245 _aFood strategy and development in Bangladesh
500 _aSobretiro de: Food strategies in Bangladesh: medium and long-tem perspectives. -- [s.l.] : University Press, 1989 pp. 37-50
590 _aBATCH-UPD
_b10
_c20130110
_lUCH01
_h1756
590 _aBATCH-UPD
_b10
_c20130410
_lUCH01
_h1132
590 _aBATCH-UPD
_b10
_c20130914
_lUCH01
_h1659
590 _aCONVERSION
_b10
_c20130109
_lUCH01
_h1304
650 1 4 _aNutrición.
_982246
650 1 4 _aPolítica alimentaria
_xBangladesh.
_990394
901 _aBK
942 _cREIMP
949 _aR-3284
_bBC
_cR
_d-14302
_eTS1
_i4755
_si
999 _c4569
_d4569